|
|
|
|
| LEADER |
01089nam a2200265 a 4500 |
| 001 |
3921726 |
| 008 |
090716s1992 enk b 000 0 eng d |
| 999 |
|
|
|c 2487
|d 2487
|
| 010 |
|
|
|a 92005280
|
| 020 |
|
|
|a 0521329337 (hardback)
|
| 040 |
|
|
|a DLC
|c DLC
|d DLC
|
| 082 |
0 |
0 |
|a 821/.7
|2 20
|
| 100 |
1 |
|
|a Barton, Anne.
|9 28050
|
| 245 |
1 |
0 |
|a Byron, Don Juan /
|c Anne Barton.
|
| 260 |
|
|
|a Cambridge [England] ;
|a New York, NY, USA :
|b Cambridge University Press,
|c 1992.
|
| 300 |
|
|
|a ix, 106 p. ;
|c 21 cm.
|
| 440 |
|
|
|a Landmarks of world literature
|9 28051
|
| 490 |
1 |
|
|a Landmarks of world literature
|
| 504 |
|
|
|a Includes bibliographical references (p. 102-106).
|
| 541 |
1 |
|
|e 00009352
|
| 600 |
1 |
0 |
|a Byron, George Gordon Byron,
|c Baron,
|d 1788-1824.
|t Don Juan.
|9 28052
|
| 650 |
|
0 |
|a Don Juan (Legendary character) in literature.
|9 28053
|
| 852 |
4 |
|
|a Ayesha Abed Library
|j General shelf.
|
| 942 |
|
|
|2 ddc
|c BK
|
| 952 |
|
|
|0 0
|1 0
|2 ddc
|4 1
|6 821_000000000000000__7_BAR
|7 0
|9 2302
|a BRACUL
|b BRACUL
|c SPS
|d 2009-07-16
|g 0.00
|l 0
|o 821.7 BAR
|p 3010009352
|r 2009-07-16
|t 1
|w 2009-07-16
|y BK
|x No price found in the accession register.
|